[Event "FIDE World Cup 2011"]
[Site "Khanty-Mansiysk RUS"]
[Date "2011.08.29"]
[Round "1.2"]
[White "Svidler, Peter"]
[Black "Lima, Darcy"]
[Result "1-0"]
[WhiteTitle "GM"]
[BlackTitle "GM"]
[WhiteElo "2739"]
[BlackElo "2493"]
[WhiteFideId "4102142"]
[BlackFideId "2100045"]
[EventDate "2011.08.28"]

1. e4 e6 2. d4 d5 3. Nc3 Bb4 4. e5 c5 5. a3 Bxc3+ 6. bxc3 Qa5 7. Bd2 Qa4 8. Qb1
c4 9. h4 Nc6 10. h5 h6 11. Nf3 Bd7 12. g3 O-O-O 13. Bh3 Nge7 14. O-O Rdf8 15.
Re1 g5 16. Nh2 f5 17. exf6 Ng8 18. Bxe6 Bxe6 19. Rxe6 Nxf6 20. Qd1 Kb8 21. g4
Ne8 22. Nf1 Nc7 23. Re1 Rh7 24. Ng3 Ne7 25. Re3 Rhf7 26. f3 Nc8 27. Kg2 Nd6 28.
Be1 Re8 29. Nf1 Ne6 30. Bg3 Nf4+ 31. Kg1 a6 32. Qd2 Ref8 33. Re5 Ka7 34. Ne3 Nb5
35. Kh2 Rf6 36. Re7 Qa5 37. Be1 Qd8 38. Re5 Nd6 39. Bg3 Nf7 40. Rf5 Nd6 41. Rxf6
Qxf6 42. Re1 Nb5 43. a4 Nc7 44. Nf5 Nce6 45. Re5 Rc8 46. Qc1 Rc6 47. Qa3 Nc7 48.
Ne7 Re6 49. Qc5+ Kb8 50. Nxd5 Ncxd5 51. Qxd5 Rxe5 52. dxe5 1-0

[Event "FIDE World Cup 2011"]
[Site "Khanty-Mansiysk RUS"]
[Date "2011.08.29"]
[Round "1.2"]
[White "Vitiugov, Nikita"]
[Black "Bezgodov, Alexei"]
[Result "1/2-1/2"]
[WhiteTitle "GM"]
[BlackTitle "GM"]
[WhiteElo "2733"]
[BlackElo "2503"]
[WhiteFideId "4152956"]
[BlackFideId "4105257"]
[EventDate "2011.08.28"]

1. d4 d5 2. c4 e6 3. Nc3 Be7 4. cxd5 exd5 5. Bf4 Nf6 6. e3 O-O 7. Nf3 Bf5 8. h3
c6 9. g4 Be4 10. g5 Nh5 11. Bxb8 Rxb8 12. Nxe4 dxe4 13. Nd2 g6 14. h4 c5 15.
dxc5 Qa5 16. a3 Qxc5 17. Nxe4 Qe5 18. Qc2 Rbc8 19. Nc3 Ng3 20. Rh3 Nxf1 21. Kxf1
Qe6 22. Kg2 Rc4 23. f4 Qc6+ 24. Kh2 b5 25. Qg2 Rd8 26. h5 Bf8 27. hxg6 hxg6 28.
Qxc6 Rxc6 29. Kg3 Bg7 30. Nxb5 Rb6 31. Nd4 Rxb2 32. Rd1 Ra2 33. Rd3 Bf8 1/2-1/2

[Event "FIDE World Cup 2011"]
[Site "Khanty-Mansiysk RUS"]
[Date "2011.08.29"]
[Round "1.2"]
[White "Kabanov, Nikolai"]
[Black "Navara, David"]
[Result "0-1"]
[WhiteTitle "GM"]
[BlackTitle "GM"]
[WhiteElo "2520"]
[BlackElo "2722"]
[WhiteFideId "4127820"]
[BlackFideId "309095"]
[EventDate "2011.08.28"]

1. e4 c5 2. b3 g6 3. Bb2 Nf6 4. e5 Nd5 5. Qf3 Nb4 6. Bc4 e6 7. Na3 Bg7 8. Nb5
O-O 9. O-O-O Nxa2+ 10. Kb1 Nb4 11. Qe3 Qa5 12. Nd6 N8c6 13. f4 Nd4 14. c3 Qa2+
15. Kc1 b5 16. cxb4 bxc4 17. bxc4 Rb8 18. b5 Nf5 19. Qa3 Qxa3 20. Bxa3 Nxd6 21.
exd6 Bb7 22. Bxc5 Rfc8 23. d4 Bxd4 24. Rxd4 Bxg2 25. Ne2 Bxh1 26. Ba3 Rxb5 0-1

[Event "FIDE World Cup 2011"]
[Site "Khanty-Mansiysk RUS"]
[Date "2011.08.29"]
[Round "1.2"]
[White "Moiseenko, Alexander"]
[Black "Esen, Baris"]
[Result "1-0"]
[WhiteTitle "GM"]
[BlackTitle "GM"]
[WhiteElo "2715"]
[BlackElo "2543"]
[WhiteFideId "14102560"]
[BlackFideId "6302114"]
[EventDate "2011.08.28"]

1. d4 d5 2. c4 c6 3. Nf3 Nf6 4. Nc3 e6 5. Bg5 Nbd7 6. e3 Qa5 7. cxd5 Nxd5 8. Qd2
Bb4 9. Rc1 O-O 10. Bd3 h6 11. Bh4 e5 12. O-O Re8 13. Qc2 exd4 14. Nxd5 Qxd5 15.
Nxd4 Nb6 16. Rfd1 Qh5 17. Bg3 Bg4 18. f3 Bd7 19. Qf2 Be7 20. Bb1 g6 21. e4 c5
22. Ne2 Bf8 23. e5 Rxe5 24. Nf4 Qg5 25. Nxg6 Ree8 26. Nxf8 Kxf8 27. Rxc5 Qe3 28.
Qxe3 Rxe3 29. Bf4 Re6 30. Rh5 1-0

[Event "FIDE World Cup 2011"]
[Site "Khanty-Mansiysk RUS"]
[Date "2011.08.29"]
[Round "1.2"]
[White "Jobava, Baadur"]
[Black "Guliyev, Namig"]
[Result "1-0"]
[WhiteTitle "GM"]
[BlackTitle "GM"]
[WhiteElo "2713"]
[BlackElo "2549"]
[WhiteFideId "13601520"]
[BlackFideId "13400363"]
[EventDate "2011.08.28"]

1. e4 c5 2. Ne2 Nf6 3. Nbc3 d6 4. g3 b6 5. Bg2 Bb7 6. O-O e6 7. d3 Nc6 8. f4 Be7
9. h3 O-O 10. g4 a6 11. g5 Nd7 12. h4 b5 13. Ng3 Re8 14. f5 Nd4 15. f6 gxf6 16.
gxf6 Bxf6 17. Nh5 Be5 18. Qg4+ Kh8 19. Bg5 Qc7 20. Rxf7 Rf8 21. Raf1 Rxf7 22.
Rxf7 Rf8 23. Bf6+ Bxf6 24. Nxf6 1-0

[Event "FIDE World Cup 2011"]
[Site "Khanty-Mansiysk RUS"]
[Date "2011.08.29"]
[Round "1.2"]
[White "Zhao, Zong-Yuan"]
[Black "Tomashevsky, Evgeny"]
[Result "0-1"]
[WhiteTitle "GM"]
[BlackTitle "GM"]
[WhiteElo "2570"]
[BlackElo "2707"]
[WhiteFideId "3202534"]
[BlackFideId "4147235"]
[EventDate "2011.08.28"]

1. e4 e5 2. Nf3 Nc6 3. Bb5 a6 4. Ba4 Nf6 5. O-O Be7 6. Re1 b5 7. Bb3 O-O 8. c3
d5 9. exd5 Nxd5 10. Nxe5 Nxe5 11. Rxe5 c6 12. Re1 Bd6 13. g3 Re8 14. d4 Ra7 15.
Rxe8+ Qxe8 16. Nd2 Re7 17. Nf3 f6 18. c4 bxc4 19. Bxc4 Bg4 20. Bf1 Bb4 21. Qb3
Bxf3 22. Qxf3 Re1 23. Qd3 Qg6 24. Qc4 Qe4 25. a3 Bc5 26. Ra2 Qb1 27. Bd2 Rd1 28.
Qe2 Be7 29. Kg2 Kf8 30. Qxa6 Rxd2 31. Qc8+ Kf7 32. Bc4 Qe4+ 33. Kh3 Rxf2 34.
Qxc6 Qf5+ 0-1

[Event "FIDE World Cup 2011"]
[Site "Khanty-Mansiysk RUS"]
[Date "2011.08.29"]
[Round "1.2"]
[White "Jumabayev, Rinat"]
[Black "Fressinet, Laurent"]
[Result "0-1"]
[WhiteTitle "GM"]
[BlackTitle "GM"]
[WhiteElo "2589"]
[BlackElo "2698"]
[WhiteFideId "13702661"]
[BlackFideId "608742"]
[EventDate "2011.08.28"]

1. d4 d5 2. c4 c6 3. Nc3 Nf6 4. e3 g6 5. Nf3 Bg7 6. Be2 O-O 7. O-O a6 8. Bd2
dxc4 9. Bxc4 Nbd7 10. a4 c5 11. d5 Nb6 12. Qb3 Bg4 13. Ne5 Bf5 14. Rfd1 Ne8 15.
f4 Nd6 16. Be2 Nd7 17. Nc4 Nf6 18. Bf3 Bd3 19. Ne5 c4 20. Qa3 Bc2 21. Rdc1 Bb3
22. Re1 Nf5 23. Qc5 Qd6 24. Qxd6 exd6 25. Ng4 Nd7 26. Nf2 Nc5 27. g4 Nh4 28. Bh1
f5 29. g5 Rae8 30. Re2 h6 31. Nh3 Bc2 32. Kf2 Bd3 33. Ree1 Nb3 34. Rad1 Bc2 35.
Bc1 Bxd1 36. Rxd1 Re7 37. Kg3 Nxc1 38. Rxc1 Rxe3+ 39. Kxh4 Kf7 40. Nd1 Re1 41.
Bf3 Rc8 42. Rc2 b5 43. gxh6 Bxh6 44. Kg3 Kg8 45. Kf2 Re7 46. Ng5 Bg7 47. Ne6 Bf6
48. Be2 Rh7 49. Kg3 Rb7 50. Kf3 bxa4 51. Bxc4 Rb4 52. Ne3 Rxb2 53. Rxb2 Bxb2 54.
Ke2 Bc1 55. Bxa6 Ra8 56. Bc4 Bxe3 57. Kxe3 a3 58. Ba2 Rb8 59. Nd4 Rb2 60. Bc4 a2
61. Bxa2 Rxa2 62. Nb5 Ra6 63. h4 Kf7 64. Kd3 Ke7 65. Nd4 Ra3+ 66. Ke2 Rh3 67.
Nf3 Rg3 0-1

[Event "FIDE World Cup 2011"]
[Site "Khanty-Mansiysk RUS"]
[Date "2011.08.29"]
[Round "1.2"]
[White "Eljanov, Pavel"]
[Black "Zherebukh, Yaroslav"]
[Result "1/2-1/2"]
[WhiteTitle "GM"]
[BlackTitle "GM"]
[WhiteElo "2697"]
[BlackElo "2590"]
[WhiteFideId "14102951"]
[BlackFideId "14116804"]
[EventDate "2011.08.28"]

1. d4 d5 2. c4 c6 3. Nf3 Nf6 4. e3 e6 5. b3 Ne4 6. Nbd2 Bb4 7. Bb2 Qf6 8. Qe2
dxc4 9. bxc4 O-O 10. O-O-O Bxd2+ 11. Rxd2 Nxd2 12. Qxd2 Qe7 13. Bd3 Nd7 14. Qc2
f5 15. Re1 Nf6 16. h3 Kh8 17. g4 Bd7 18. Ne5 c5 19. gxf5 exf5 20. d5 b5 21. Nxd7
Nxd7 22. Bxf5 bxc4 23. d6 Qd8 24. Rg1 Nf6 25. e4 Rb8 26. e5 Nh5 27. f3 Qh4 28.
Be4 Qf4+ 29. Kd1 Ng3 30. d7 1/2-1/2

[Event "FIDE World Cup 2011"]
[Site "Khanty-Mansiysk RUS"]
[Date "2011.08.29"]
[Round "1.2"]
[White "Postny, Evgeny"]
[Black "Nielsen, Peter Heine"]
[Result "1/2-1/2"]
[WhiteTitle "GM"]
[BlackTitle "GM"]
[WhiteElo "2618"]
[BlackElo "2681"]
[WhiteFideId "2804344"]
[BlackFideId "1400355"]
[EventDate "2011.08.28"]

1. d4 Nf6 2. c4 e6 3. Nf3 d5 4. Nc3 dxc4 5. e3 a6 6. Bxc4 b5 7. Bb3 c5 8. O-O
Bb7 9. Qe2 Nbd7 10. Rd1 Qb8 11. d5 exd5 12. Nxd5 Nxd5 13. Bxd5 Bxd5 14. Rxd5 Be7
15. e4 Qb7 16. Bg5 f6 17. Bf4 O-O 18. Rad1 Nb6 19. R5d2 Rad8 20. Rxd8 Rxd8 21.
Rxd8+ Bxd8 22. e5 Qc6 23. Kf1 1/2-1/2

[Event "FIDE World Cup 2011"]
[Site "Khanty-Mansiysk RUS"]
[Date "2011.08.29"]
[Round "1.2"]
[White "Salgado Lopez, Ivan"]
[Black "Inarkiev, Ernesto"]
[Result "1/2-1/2"]
[WhiteTitle "GM"]
[BlackTitle "GM"]
[WhiteElo "2626"]
[BlackElo "2679"]
[WhiteFideId "2257327"]
[BlackFideId "4162722"]
[EventDate "2011.08.28"]

1. d4 d5 2. c4 c6 3. Nf3 Nf6 4. e3 Bg4 5. h3 Bh5 6. Nc3 e6 7. g4 Bg6 8. Ne5 Nbd7
9. Nxg6 hxg6 10. Bd2 g5 11. cxd5 exd5 12. Bd3 Bb4 13. Qb3 Qb6 14. f3 Bd6 15. Ne2
Qxb3 16. axb3 Nb6 17. Kf2 a6 18. Kg2 Be7 19. b4 O-O-O 20. b3 Kb8 21. Raf1 Ne8
22. Bc2 Nd6 23. Nc1 Nd7 24. Nd3 Nb5 25. Nc5 Kc7 26. Rc1 Rde8 27. Bd3 Nxc5 28.
bxc5 Kd7 29. Bf5+ Kc7 30. Be1 g6 31. Bg3+ Kd8 32. Bd3 Bf6 33. Rhe1 Nc7 34. b4
Kd7 35. Rcd1 Kc8 36. Bc2 Nb5 37. Bd3 Nc7 38. Bc2 Nb5 39. Rd3 Rd8 40. Ba4 Nc7 41.
Rdd1 Rd7 42. Bf2 Ne6 43. Bc2 Bd8 44. Rh1 Bf6 45. Bg3 Nc7 46. Bd3 Rdd8 47. Bf2
Rd7 48. Kg3 Ne6 49. Kg2 Kd8 50. Bg3 Ke8 51. Rh2 Kf8 52. Rdh1 Kg7 53. h4 gxh4 54.
Bxh4 Rxh4 55. Rxh4 Bxh4 56. Rxh4 Re7 57. Rh1 Ng5 58. Kf2 Re8 59. Bc2 Re7 60. Bd3
Re8 61. Be2 Re7 62. Bf1 Ne6 63. Bg2 Ng5 64. Re1 f5 65. gxf5 gxf5 66. f4 Ne4+ 67.
Bxe4 Rxe4 68. Rg1+ Kf7 69. Rg5 Kf6 70. Rg8 Re7 71. Rb8 Kg6 72. Ke2 Kg7 73. Kd3
Kg6 74. Rg8+ Kf6 75. Rf8+ Kg6 76. Rb8 Kf6 77. Kc2 Kg6 78. Rg8+ Kf6 79. Rb8 Kg6
80. Kb3 Rxe3+ 81. Ka4 Re7 82. Ka5 Kh5 83. Kb6 Kg4 84. Rxb7 Rxb7+ 85. Kxb7 Kxf4
86. Kxc6 Ke4 87. Kb6 f4 88. c6 f3 89. c7 f2 90. c8=Q f1=Q 91. Qxa6 Qf8 92. b5
Qd6+ 93. Ka7 Qc7+ 94. Ka8 Qd8+ 95. Kb7 Qd7+ 96. Kb6 Qd6+ 97. Ka7 Qc7+ 98. Qb7
Qa5+ 99. Qa6 Qc7+ 100. Ka8 Qd8+ 101. Kb7 Qd7+ 1/2-1/2

[Event "FIDE World Cup 2011"]
[Site "Khanty-Mansiysk RUS"]
[Date "2011.08.29"]
[Round "1.2"]
[White "Mamedov, Rauf"]
[Black "Gupta, Abhijeet"]
[Result "0-1"]
[WhiteTitle "GM"]
[BlackTitle "GM"]
[WhiteElo "2679"]
[BlackElo "2627"]
[WhiteFideId "13401653"]
[BlackFideId "5010608"]
[EventDate "2011.08.28"]

1. e4 e6 2. d4 d5 3. Nd2 c5 4. exd5 Qxd5 5. dxc5 Bxc5 6. Ngf3 Nf6 7. Bc4 Qc6 8.
Qe2 Nbd7 9. Nb3 a6 10. Bd2 O-O 11. O-O Bd6 12. Rad1 e5 13. h3 b6 14. Nh4 Bb7 15.
Bg5 Bc7 16. Nd2 Rfe8 17. Bb3 Nc5 18. Qc4 Re6 19. Be3 Nxb3 20. Qxc6 Rxc6 21. cxb3
Nd5 22. Rc1 Rxc1 23. Rxc1 Rd8 24. Nf1 Rd7 25. Bd2 g6 26. Ne3 Nf4 27. Ng4 Ne2+
28. Kf1 Nxc1 29. Nf6+ Kg7 30. Nxd7 Nxa2 31. Be3 b5 32. Bg5 e4 33. Bf6+ Kg8 34.
f3 Nc1 35. Nc5 e3 36. Bd4 e2+ 37. Ke1 Bd5 38. b4 Bc4 39. g4 Bd6 40. Ng2 a5 41.
Kd2 Bxc5 42. Bxc5 Nb3+ 43. Ke3 Nxc5 44. bxc5 Kf8 45. g5 Ke7 46. Kd4 Be6 47. h4
b4 0-1

[Event "FIDE World Cup 2011"]
[Site "Khanty-Mansiysk RUS"]
[Date "2011.08.29"]
[Round "1.2"]
[White "Lysyj, Igor"]
[Black "Kobalia, Mikhail"]
[Result "1/2-1/2"]
[WhiteTitle "GM"]
[BlackTitle "GM"]
[WhiteElo "2629"]
[BlackElo "2679"]
[WhiteFideId "4150120"]
[BlackFideId "4119150"]
[EventDate "2011.08.28"]

1. d4 d5 2. c4 c6 3. Nf3 Nf6 4. e3 Bf5 5. Nc3 e6 6. Nh4 Be4 7. f3 Bg6 8. Qb3 Qc7
9. Bd2 Be7 10. Rc1 Nbd7 11. g3 dxc4 12. Bxc4 Rd8 13. Nxg6 hxg6 14. f4 1/2-1/2

[Event "FIDE World Cup 2011"]
[Site "Khanty-Mansiysk RUS"]
[Date "2011.08.29"]
[Round "1.2"]
[White "Quesada Perez, Yuniesky"]
[Black "Bruzon Batista, Lazaro"]
[Result "1/2-1/2"]
[WhiteTitle "GM"]
[BlackTitle "GM"]
[WhiteElo "2635"]
[BlackElo "2673"]
[WhiteFideId "3504409"]
[BlackFideId "3503739"]
[EventDate "2011.08.28"]

1. e4 e5 2. Nf3 Nc6 3. Bb5 Nf6 4. O-O Nxe4 5. d4 Nd6 6. Bxc6 dxc6 7. dxe5 Nf5 8.
Qxd8+ Kxd8 9. Nc3 Ke8 10. h3 b6 11. Re1 Bb4 12. Bd2 h5 13. Rad1 Be6 14. a3 Bxc3
15. Bxc3 c5 16. Ng5 a5 17. Re2 Rd8 18. Rxd8+ Kxd8 19. Nxe6+ fxe6 20. Rd2+ Ke8
21. Rd3 1/2-1/2

[Event "FIDE World Cup 2011"]
[Site "Khanty-Mansiysk RUS"]
[Date "2011.08.29"]
[Round "1.2"]
[White "Yu, Yangyi"]
[Black "Parligras, Mircea-Emilian"]
[Result "0-1"]
[WhiteTitle "GM"]
[BlackTitle "GM"]
[WhiteElo "2672"]
[BlackElo "2636"]
[WhiteFideId "8603820"]
[BlackFideId "1204297"]
[EventDate "2011.08.28"]

1. e4 c6 2. d4 d5 3. f3 e6 4. Nc3 Bb4 5. Bf4 Ne7 6. Qd3 b6 7. Ne2 Ba6 8. Qe3 O-O
9. a3 Bxc3+ 10. Nxc3 Bxf1 11. Rxf1 c5 12. Ne2 Nbc6 13. O-O-O cxd4 14. Nxd4 e5
15. Nxc6 Nxc6 16. Bg3 d4 17. Qd3 Qe7 18. Kb1 Qe6 19. f4 exf4 20. Rxf4 Rad8 21.
Rf5 f6 22. Re1 Ne5 23. Bxe5 fxe5 24. Qb5 Rde8 25. h4 g6 26. Rf3 Rxf3 27. gxf3
Rf8 28. Rf1 Kg7 29. Qa4 Rf7 30. Rg1 Qd7 31. Qb3 d3 32. cxd3 Rxf3 33. Rd1 Qd4 34.
Ka2 Kh6 35. h5 Kxh5 36. Qg8 Rxd3 37. Qxh7+ Kg5 38. Qe7+ Kg4 39. Rh1 Rg3 40. Qh4+
Kf3 41. Qf6+ Ke2 42. Rh2+ Ke1 43. Qc6 Qc5 44. Qa4 Rd3 45. Qa6 Qd4 46. Qc8 Qc5
47. Qe6 b5 48. Rh1+ Kd2 49. Qa6 Qc4+ 50. Ka1 Qa4 51. Qe6 Qxe4 52. Rh2+ Ke1 53.
Qf6 Rd1+ 54. Ka2 Qd5+ 55. b3 Rd2+ 56. Rxd2 Qxd2+ 57. Kb1 Qd3+ 58. Kb2 Qd4+ 59.
Kb1 Kd2 60. Qc6 Qd3+ 61. Kb2 e4 62. Qxg6 e3 63. Qg2+ Qe2 64. Qh1 Qf2 65. Qd5+
Ke1+ 66. Kb1 Qf1 67. Qe5 Qd3+ 68. Kb2 e2 69. Qc5 Kf1 70. Qf8+ Kg2 71. Qg8+ Qg3
72. Qd5+ Qf3 73. Qg5+ Kf2 74. Qc5+ Kg2 75. Qg5+ Kf1 76. Qxb5 Qe4 77. a4 a5 78.
Qa6 Kg1 79. Qb6+ Kg2 0-1

[Event "FIDE World Cup 2011"]
[Site "Khanty-Mansiysk RUS"]
[Date "2011.08.29"]
[Round "1.2"]
[White "Zhou, Jianchao"]
[Black "Korobov, Anton"]
[Result "0-1"]
[WhiteTitle "GM"]
[BlackTitle "GM"]
[WhiteElo "2636"]
[BlackElo "2671"]
[WhiteFideId "8603537"]
[BlackFideId "14105730"]
[EventDate "2011.08.28"]

1. d4 d5 2. c4 c6 3. Nf3 Nf6 4. Nc3 dxc4 5. a4 e6 6. e3 c5 7. Bxc4 Nc6 8. O-O
cxd4 9. exd4 Be7 10. Qe2 O-O 11. Rd1 Nb4 12. Bg5 Bd7 13. d5 exd5 14. Nxd5 Nbxd5
15. Bxd5 Nxd5 16. Rxd5 Bxg5 17. Nxg5 h6 18. Qd2 hxg5 19. Rxd7 Qf6 20. Rxb7 Rfd8
21. Qe3 Re8 22. Qb3 Rad8 23. Rf1 a5 24. Rb6 Qd4 25. Rb5 Qd2 26. Rb7 Re6 27. g3
Rf6 28. Qe3 Re6 29. Qf3 Rf6 30. Qg4 Re8 31. Rb5 Re1 32. Rb8+ Kh7 33. Qh5+ Rh6
34. Qf3 Rf6 35. Qh5+ Rh6 36. Qf3 Rf6 37. Qg2 Rfe6 38. Qf3 0-1

[Event "FIDE World Cup 2011"]
[Site "Khanty-Mansiysk RUS"]
[Date "2011.08.29"]
[Round "1.2"]
[White "Feller, Sebastien"]
[Black "Iordachescu, Viorel"]
[Result "1-0"]
[WhiteTitle "GM"]
[BlackTitle "GM"]
[WhiteElo "2666"]
[BlackElo "2646"]
[WhiteFideId "634654"]
[BlackFideId "13900200"]
[EventDate "2011.08.28"]

1. d4 d5 2. c4 c6 3. Nc3 Nf6 4. e3 g6 5. Nf3 Bg7 6. Be2 O-O 7. O-O Nbd7 8. Qc2
Nb6 9. c5 Nbd7 10. b4 Re8 11. Bb2 e5 12. Nxe5 Nxe5 13. dxe5 Rxe5 14. Nb5 Re7 15.
Nd6 Ne8 16. Bxg7 Kxg7 17. Qc3+ Kg8 18. Nxc8 Rxc8 19. Rad1 Ng7 20. Bg4 Rcc7 21.
Bf3 Qe8 22. b5 Ne6 23. b6 Rc8 24. bxa7 Ra8 25. Qa5 Ng5 26. Be2 Ne4 27. Rd4 f5
28. Bd3 Nf6 29. Ra4 Kf7 30. Rb1 Rd7 31. h3 Qe5 32. Qb4 Ng8 33. Qa3 Ne7 34. Rab4
Qc7 35. Qb2 Rxa7 36. Qh8 Ke6 37. a4 Qe5 38. Qxh7 Qc3 39. Rd4 Qxc5 40. Qh8 Qd6
41. Rh4 Rd8 42. Qc3 Kd7 43. a5 Kc7 44. Rhb4 Kc8 45. Rxb7 Rxb7 46. Ba6 d4 47. Qb2
Kd7 48. Bxb7 dxe3 49. fxe3 Qc5 50. a6 Kc7 51. Kh1 Qxe3 52. Qa1 Rd2 53. a7 Rxg2
54. Qa5+ Kd7 55. Bxc6+ Nxc6 56. Qd5+ Kc7 57. a8=N+ 1-0

[Event "FIDE World Cup 2011"]
[Site "Khanty-Mansiysk RUS"]
[Date "2011.08.29"]
[Round "1.2"]
[White "Alekseev, Evgeny"]
[Black "Ragger, Markus"]
[Result "1/2-1/2"]
[WhiteTitle "GM"]
[BlackTitle "GM"]
[WhiteElo "2659"]
[BlackElo "2651"]
[WhiteFideId "4138147"]
[BlackFideId "1610856"]
[EventDate "2011.08.28"]

1. d4 d5 2. c4 c6 3. cxd5 cxd5 4. Bf4 Nf6 5. Nc3 Nc6 6. e3 a6 7. Bd3 Bg4 8. Nge2
e6 9. O-O Bh5 10. Rc1 Bg6 11. Na4 Nd7 12. Bg3 Bxd3 13. Qxd3 Be7 14. Qb3 Na5 15.
Qc2 Nc6 16. Qb3 Na5 17. Qc2 Nc6 18. Nf4 O-O 19. Nd3 Rc8 20. Qd2 Qa5 21. Qxa5 1/2-1/2

[Event "FIDE World Cup 2011"]
[Site "Khanty-Mansiysk RUS"]
[Date "2011.08.30"]
[Round "1.3"]
[White "Vitiugov, Nikita"]
[Black "Bezgodov, Alexei"]
[Result "1/2-1/2"]
[WhiteTitle "GM"]
[BlackTitle "GM"]
[WhiteElo "2733"]
[BlackElo "2503"]
[WhiteFideId "4152956"]
[BlackFideId "4105257"]
[EventDate "2011.08.28"]

1. d4 d5 2. c4 e6 3. Nc3 Be7 4. cxd5 exd5 5. Bf4 Nf6 6. e3 O-O 7. Bd3 c5 8. Nge2
Nc6 9. O-O Bg4 10. dxc5 Bxc5 11. Rc1 d4 12. Nb5 Bb6 13. e4 Qd7 14. h3 Bh5 15.
Na3 Rfe8 16. f3 Nb4 17. Nc4 Bc7 18. Bxc7 Qxc7 19. e5 Nxa2 20. exf6 Nxc1 21. Nxc1
gxf6 22. Nd2 Bg6 23. Ne4 Kg7 24. Ne2 Rad8 25. Kh1 h5 26. Qd2 h4 27. Rc1 Qe7 28.
Qf4 f5 29. Rc7 Qe5 30. Qxe5+ Rxe5 31. Nf2 Rde8 32. Nxd4 Rd5 33. Ne2 Red8 34. Nf4
R5d7 35. Rc3 Rd4 36. Ne2 Rb4 37. b3 Rd7 38. Kg1 a5 39. Nc1 f4 40. Bxg6 fxg6 41.
Nfd3 Rbd4 42. Kf2 b5 43. Ke2 a4 44. bxa4 bxa4 45. Kd2 g5 46. Kc2 R4d5 47. Rc4
Ra5 48. Nc5 Rda7 49. Kb2 a3+ 50. Ka2 Re7 51. Rc2 Kg6 52. N1b3 Raa7 53. Ne4 Rec7
54. Rd2 Rd7 55. Rc2 Rdc7 56. Rd2 Rd7 57. Re2 Re7 58. Rc2 Rec7 59. Rxc7 Rxc7 60.
Nbc5 Ra7 61. Ne6 Kf5 62. Nd4+ Kg6 63. Ne6 Kf5 64. Nd4+ Kg6 65. Nb5 Rd7 66. Nbc3
Ra7 67. Nb5 Rd7 68. Nbc3 Ra7 69. Nb5 Rd7 70. Nbc3 Ra7 71. Nd6 Rd7 72. Nde4 Ra7
73. Nb5 1/2-1/2

[Event "FIDE World Cup 2011"]
[Site "Khanty-Mansiysk RUS"]
[Date "2011.08.30"]
[Round "1.3"]
[White "Zherebukh, Yaroslav"]
[Black "Eljanov, Pavel"]
[Result "1-0"]
[WhiteTitle "GM"]
[BlackTitle "GM"]
[WhiteElo "2590"]
[BlackElo "2697"]
[WhiteFideId "14116804"]
[BlackFideId "14102951"]
[EventDate "2011.08.28"]

1. e4 c6 2. d4 d5 3. e5 Bf5 4. h4 h5 5. c4 e6 6. Nc3 Ne7 7. Nge2 Nd7 8. Ng3 Bg6
9. cxd5 Nxd5 10. Nxd5 cxd5 11. Bd2 Be7 12. Be2 Bxh4 13. Nxh5 Bxh5 14. Bxh5 Bg5
15. f4 Bxf4 16. Bxf4 g6 17. Qg4 Rxh5 18. Rxh5 gxh5 19. Qxh5 Qa5+ 20. Bd2 Qa4 21.
Bc3 Rc8 22. Kf1 b5 23. Kg1 b4 24. b3 Qa3 25. Be1 Qb2 26. Rd1 Rc1 27. Bxb4 Qxd4+
28. Kh2 Rxd1 29. Qh8+ Nf8 30. Qxf8+ Kd7 31. Qd6+ Kc8 32. Qc6+ Kd8 33. Ba5+ Ke7
34. Qd6+ 1-0

[Event "FIDE World Cup 2011"]
[Site "Khanty-Mansiysk RUS"]
[Date "2011.08.30"]
[Round "1.3"]
[White "Nielsen, Peter Heine"]
[Black "Postny, Evgeny"]
[Result "1/2-1/2"]
[WhiteTitle "GM"]
[BlackTitle "GM"]
[WhiteElo "2681"]
[BlackElo "2618"]
[WhiteFideId "1400355"]
[BlackFideId "2804344"]
[EventDate "2011.08.28"]

1. d4 Nf6 2. c4 e6 3. Nf3 b6 4. g3 Bb4+ 5. Bd2 a5 6. Bg2 O-O 7. O-O Ba6 8. Qc2
c5 9. Bg5 cxd4 10. Nxd4 Ra7 11. Nc3 Rc7 12. Ncb5 Rc8 13. Qb3 d5 14. a3 Rxc4 15.
axb4 Rxb4 16. Qd3 e5 17. Qe3 exd4 18. Nxd4 h6 19. Bxf6 Qxf6 20. Rfd1 Rxb2 21.
Bxd5 Nd7 22. Qa3 Rb4 23. Nc2 Rb2 24. Nd4 Rb4 25. Nc2 Rb2 1/2-1/2

[Event "FIDE World Cup 2011"]
[Site "Khanty-Mansiysk RUS"]
[Date "2011.08.30"]
[Round "1.3"]
[White "Lysyj, Igor"]
[Black "Kobalia, Mikhail"]
[Result "1-0"]
[WhiteTitle "GM"]
[BlackTitle "GM"]
[WhiteElo "2629"]
[BlackElo "2679"]
[WhiteFideId "4150120"]
[BlackFideId "4119150"]

1. d4 d5 2. c4 c6 3. Nf3 Nf6 4. e3 a6 5. Nc3 e6 6. b3 Bb4 7. Bd2 O-O 8. Bd3 Nbd7
9. O-O Bd6 10. Qc2 b6 11. Rad1 Qc7 12. h3 Bb7 13. e4 dxc4 14. bxc4 e5 15. dxe5
Nxe5 16. Nxe5 Bxe5 17. f4 Bd4+ 18. Kh1 c5 19. Ne2 Rfd8 20. Ng3 g6 21. Bc1 Rd7
22. e5 Ne8 23. Be4 f5 24. exf6 Nxf6 25. Bxb7 Qxb7 26. f5 gxf5 27. Nxf5 Ne4 28.
Rf4 Re8 29. Rg4+ Kh8 30. Nxd4 cxd4 31. Bb2 h5 32. Rxd4 Rxd4 33. Bxd4+ Kh7 34.
Rg7+ Qxg7 35. Bxg7 Kxg7 36. Qb2+ Kh7 37. Qxb6 h4 38. Kg1 Ng3 39. Kf2 1-0

[Event "FIDE World Cup 2011"]
[Site "Khanty-Mansiysk RUS"]
[Date "2011.08.30"]
[Round "1.3"]
[White "Bruzon Batista, Lazaro"]
[Black "Quesada Perez, Yuniesky"]
[Result "1/2-1/2"]
[WhiteTitle "GM"]
[BlackTitle "GM"]
[WhiteElo "2673"]
[BlackElo "2635"]
[WhiteFideId "3503739"]
[BlackFideId "3504409"]
[EventDate "2011.08.28"]

1. d4 Nf6 2. Nf3 e6 3. e3 b6 4. Bd3 Bb7 5. O-O d5 6. Ne5 Be7 7. Nd2 O-O 8. b3 c5
9. Bb2 Nc6 10. f4 Nb4 11. Be2 Ne4 12. Nxe4 dxe4 13. Bc4 Nd5 14. Qe2 f6 15. Ng4
Qc8 16. Rad1 Rd8 17. Kh1 a6 18. dxc5 Qxc5 19. Bd4 Qa5 20. f5 b5 21. Bxd5 Bxd5
22. c4 bxc4 23. bxc4 Bc6 24. fxe6 Qg5 25. Nf2 Qf5 26. Rb1 Qxe6 27. Rb6 Rdb8 28.
Rfb1 Rxb6 29. Rxb6 Bd8 30. Rb1 Bc7 31. Nd1 Rd8 32. Nc3 h6 33. c5 Ba5 34. h3 Rxd4
35. exd4 Bxc3 36. Rb6 e3 37. Rxc6 Qxc6 38. Qc4+ Kh8 39. Qxc3 Qe4 40. c6 e2 41.
Qe1 Qxc6 42. Qxe2 Qc1+ 43. Kh2 Qf4+ 44. Kh1 Qc1+ 1/2-1/2